Asignación de derechos de propiedad intelectual y licenciamiento abierto en la función pública

Sparad:
Bibliografiska uppgifter
Huvudupphovsmän: Villarroel Villalón, Luis (Författare, medförfattare), Silva Peralta, Amelia (Författare, medförfattare), Cifuentes D., Víctor M (Författare, medförfattare)
Materialtyp: Bok
Språk:spanska
Publicerad: Santiago Pontificia Universidad Católica de Chile 2007
Ämnen:
Taggar: Lägg till en tagg
Inga taggar, Lägg till första taggen!

MARC

LEADER 00000nam a2200000 a 4500
001 UCI4979
003 CL-VaPUC
008 080307e20070000CL |||||||||||||||||spa|d
082 0 4 |a 346.048  |b VIL  |2 21 
100 0 |a Villarroel Villalón, Luis  |e author  |9 527008 
700 0 |a Silva Peralta, Amelia  |e author  |9 527009 
700 0 |a Cifuentes D., Víctor M  |e author  |9 527010 
245 1 0 |a Asignación de derechos de propiedad intelectual y licenciamiento abierto en la función pública 
300 |a 120 p 
942 |c BK 
945 |d 20080307 00:00:00  |a jtorresc 
260 |a Santiago  |b Pontificia Universidad Católica de Chile  |c 2007 
650 0 |a Propiedad intelectual  |9 256126 
650 0 |a Derecho de autor  |9 332641 
650 0 |a Congresos  |9 257560 
650 0 |a Internet   |9 254823 
650 0 |a Aspectos jurídicos  |9 328188 
583 |a last modification  |c 20190828 10:26:34  |k Rodrigo Vera 
999 |c 328756  |d 328754 
952 |0 0  |1 0  |4 0  |6 346_048000000000000_VIL_2007  |7 0  |8 A  |9 412840  |a BIBDER  |b BIBDER  |d 2019-11-22  |i 4410718  |o 346.048 VIL 2007  |p 4410718  |r 2023-01-25  |w 2019-11-22  |y BK  |k DER